Nhà văn và chữ tình gởi lại Ký ức văn học
Nội dung tài liệu ghi lại những kỷ niệm đời thường của các nhà văn, nhà thơ mà tác giả đã gặp, có mối quan hệ thân quen.
Đã lưu trong:
| Hovedforfatter: | |
|---|---|
| Format: | Bog |
| Sprog: | Vietnamese |
| Udgivet: |
H.
Hội Nhà văn
2022
|
| Fag: | |
| Tags: |
Tilføj Tag
Ingen Tags, Vær først til at tagge denne postø!
|
| Thư viện lưu trữ: | Thư viện Trường Đại học Nam Cần Thơ |
|---|
| LEADER | 00917nam a22001937a 4500 | ||
|---|---|---|---|
| 001 | NCT_149047 | ||
| 008 | 230425b xxu||||| |||| 00| 0 vie d | ||
| 999 | |c 7683 |d 7683 | ||
| 020 | |a 9786043684865 |c 160000 | ||
| 082 | 0 | 4 | |2 23rd ed. |a 895.9 |b Ph500 |
| 100 | 1 | |a Trình Quang Phú | |
| 245 | 1 | 0 | |a Nhà văn và chữ tình gởi lại |b Ký ức văn học |c Trình Quang Phú |
| 260 | |a H. |b Hội Nhà văn |c 2022 | ||
| 300 | |a 279 tr. |c 21cm | ||
| 520 | 3 | |a Nội dung tài liệu ghi lại những kỷ niệm đời thường của các nhà văn, nhà thơ mà tác giả đã gặp, có mối quan hệ thân quen. | |
| 653 | |a Tham khảo | ||
| 942 | |2 ddc |c BK | ||
| 952 | |0 0 |1 0 |2 ddc |4 0 |6 895_900000000000000_PH500 |7 0 |9 27539 |a 000001 |b 000001 |d 2023-04-25 |o 895.9 Ph500 |p TK.03282 |r 2023-04-25 |v 160000.00 |w 2023-04-25 |y BK | ||
| 980 | |a Thư viện Trường Đại học Nam Cần Thơ | ||


